La intervención comunista en la guerra de España (1936-1939) / (Record no. 99639)

MARC details
000 -LEADER
campo de control de longitud fija 00950nam a2200277 i 4500
001 - NÚMERO DE CONTROL
campo de control 99639
003 - IDENTIFICADOR DE NÚMERO DE CONTROL
campo de control ES-MaACL
005 - FECHA Y HORA DE LA ÚLTIMA TRANSACCIÓN
campo de control 20250728092619.0
007 - CAMPO FIJO DE DESCRIPCIÓN FÍSICA--INFORMACIÓN GENERAL
campo de control de longitud fija t|
008 - DATOS DE LONGITUD FIJA--INFORMACIÓN GENERAL
campo de control de longitud fija 050914s1965 sp ||||1| spa d
080 ## - NÚMERO DE LA CLASIFICACIÓN DECIMAL UNIVERSAL
Número de la Clasificación Decimal Universal 330.85(460)"1936/39"
080 ## - NÚMERO DE LA CLASIFICACIÓN DECIMAL UNIVERSAL
Número de la Clasificación Decimal Universal 94(460)"1936/39"
100 1# - ENTRADA PRINCIPAL--NOMBRE DE PERSONA
Nombre de persona Martínez Bande, José Manuel.
9 (RLIN) 77883
245 13 - MENCIÓN DEL TÍTULO
Título La intervención comunista en la guerra de España (1936-1939) /
Mención de responsabilidad, etc. por José Manuel Martínez Bande.
260 ## - PUBLICACIÓN, DISTRIBUCIÓN, ETC.
Lugar de publicación, distribución, etc. Madrid :
Nombre del editor, distribuidor, etc. Servicio Informativo Español,
Fecha de publicación, distribución, etc. 1965.
300 ## - DESCRIPCIÓN FÍSICA
Extensión 165 p., 12 lám. ;
Dimensiones 22 cm.
490 1# - MENCIÓN DE SERIE
Mención de serie Documentos históricos ;
Designación de volumen o secuencia 4
650 04 - PUNTO DE ACCESO ADICIONAL DE MATERIA--TÉRMINO DE MATERIA
Término de materia o nombre geográfico como elemento de entrada Comunismo-
Subdivisión geográfica España-
Subdivisión cronológica 1931-1939.
9 (RLIN) 11218
651 #4 - PUNTO DE ACCESO ADICIONAL DE MATERIA--NOMBRE GEOGRÁFICO
Nombre geográfico España-
Subdivisión general Historia-
Subdivisión cronológica 1936-1939, Guerra civil-
Subdivisión general Participación rusa.
9 (RLIN) 8322
830 10 - PUNTO DE ACCESO ADICIONAL DE SERIE-TÍTULO UNIFORME
Título uniforme Documentos históricos
Designación de volumen o secuencia 4
9 (RLIN) 183347
852 ## - LOCALIZACIÓN
Ubicación ES-MaACL
Número de control de estantería C-28625
852 ## - LOCALIZACIÓN
Ubicación ES-MaACL
Número de control de estantería C-29610
852 ## - LOCALIZACIÓN
Ubicación ES-MaACL
Número de control de estantería C-30306
852 ## - LOCALIZACIÓN
Ubicación ES-MaACL
Número de control de estantería C-29611
Holdings
Estatus retirado Estado de pérdida Estado de daño No para préstamo Biblioteca de origen Biblioteca actual Ubicación en estantería Fecha de adquisición Fuente de adquisición Total de préstamos Signatura topográfica completa Código de barras Visto por última vez Precio de reemplazo Tipo de ítem Koha
        Biblioteca del Ateneo de Madrid Biblioteca del Ateneo de Madrid Depósito 2 17/01/2008     C-30306 1104042 23/02/2023 23/02/2023 Libro impreso
        Biblioteca del Ateneo de Madrid Biblioteca del Ateneo de Madrid Depósito 2 04/10/2011     C-29611 1188252 23/02/2023 23/02/2023 Libro impreso
        Biblioteca del Ateneo de Madrid Biblioteca del Ateneo de Madrid Depósito 2 17/01/2008     C-28625 1104040 23/02/2023 23/02/2023 Libro impreso
        Biblioteca del Ateneo de Madrid Biblioteca del Ateneo de Madrid Depósito 2 17/01/2008     C-29610 1104041 23/02/2023 23/02/2023 Libro impreso